|
|
|
|
| LEADER |
00573cam a2200181 7i4500 |
| 001 |
0000026662 |
| 005 |
20110729090000.0 |
| 020 |
0 |
0 |
|a 9789251065525
|
| 090 |
0 |
0 |
|a I 338.105
|b COM
|
| 245 |
0 |
0 |
|a Commodity market review :
|b 2009-2010.
|
| 260 |
0 |
0 |
|a Rome:
|b Food and Agriculture Organization of the United Nations,
|c 2009.
|
| 300 |
# |
# |
|a 179 p.
|
| 650 |
0 |
0 |
|a Food industry and trade
|
| 650 |
0 |
0 |
|a Agriculture
|
| 650 |
0 |
0 |
|a Developing countries
|
| 650 |
0 |
0 |
|a Dairy products --
|x Markets
|
| 650 |
0 |
0 |
|a Rice --
|x Markets
|
| 999 |
|
|
|a 0000028897
|b Book
|c International
|e Business Information Centre
|